Účinnosť BTT ako moridla voči sneti prašnej ovsenej (Ustilago avenae) v závislosti od dĺžky kontaktu pred siatim

Bibliographic Details
Main Author: Škrobal, M. (Author)
Format: Article
Language:Slovak

MARC

LEADER 00000nab a2200000 a 4500
001 vtls010709140
003 SK-MaSNL
005 20260304192538.0
008 250709s1963 xo |||||||||||||||||slo|
035 |a (urnnbn)urn:nbn:sk:snk:ar-a044gx 
035 |a (uuid)0fe460a5-af22-4800-9c4e-bcf9bca2e8b3 
035 |a urn:nbn:sk:snk-ab3cty 
040 |a SNKBUCL  |b slo  |c SNKBUCL  |e AACR2 
041 0 |a slo 
044 |a xo  |c SK 
100 1 |a Škrobal, M.  |4 aut  |9 1135234 
245 1 0 |a Účinnosť BTT ako moridla  |b voči sneti prašnej ovsenej (Ustilago avenae) v závislosti od dĺžky kontaktu pred siatim  |c M. Škrobal 
773 0 |t Agrochemie : časopis venovaný chemizácii poľnohospodárstva  |g Roč. 3, č. 9 (1963), s. 155-156 
850 |a Slovenská národná knižnica 
852 |a Slovenská národná knižnica 
954 |a odborná, vedecká literatúra pôvodná (slovenská)  |2 lita 
958 |a article1 
958 |a OND 
958 |a EUIPO 
999 |c 3062659  |d 3064589